000 01469cam a2200301 a 4500
001 3719028
005 19880314000000.0
008 811026s1981 paua b 101 0 eng
010 _a 80070650
040 _aDLC
_cDLC
_dDLC
050 0 0 _aTA418.38
_b.F367
082 0 0 _a620.1126
_219
_bFAT
245 0 0 _aFatigue crack growth measurement and data analysis :
_ba symposium /
_csponsored by ASTM Committees E-9 on Fatigue and E-24 on Fracture Testing, American Society for Testing and Materials, Pittsburgh, Pa., 29-30 Oct., 1979 ; S.J. Hudak, Jr., and R.J. Bucci, editors.
260 _aPhiladelphia, Pa. :
_bASTM,
_cc1981.
300 _a370 p. :
_bill. ;
_c24 cm.
440 0 _aASTM special technical publication ;
_v738
_96210
500 _aPapers presented at the Symposium on Fatigue Crack Growth Measurement and Data Analysis.
504 _aIncludes bibliographical references and index.
650 0 _aMaterials
_xFatigue
_xCongresses.
_96211
650 0 _aFracture mechanics
_xCongresses.
_96212
700 1 _aHudak, S. J.
_96213
700 1 _aBucci, R. J.
_96214
710 2 _aASTM Committee E-9 on Fatigue.
_96215
710 2 _aASTM Committee E-24 on Fracture Testing.
_96216
711 2 _aSymposium on Fatigue Crack Growth Measurement and Data Analysis
_d(1979 :
_cPittsburgh, Pa.)
_96217
942 _2ddc
_cBB
999 _c11844
_d11844